Šeptající les. Pohřešovaný profesor /
Příběh z fantasy série odehrávající se v magickém lese obývaném mnoha tajemnými bytostmi.
Uloženo v:
| Série: | Šeptající les,
část 2 |
|---|---|
| Hlavní autor: | |
| Další autoři: | |
| Médium: | E-kniha |
| Jazyk: | Czech |
| Vydáno: |
Praha :
Dobrovský s.r.o.,
2023
|
| Edice: | Drobek
|
| Témata: | |
| Příbuzné jednotky: | Z cyklu::
Šeptající les |
| Tagy: |
Žádné tagy |
| LEADER | 02714nam a2200541 i 4500 | ||
|---|---|---|---|
| 001 | 311881 | ||
| 003 | CZ PrSKC | ||
| 005 | 20260601215713.0 | ||
| 007 | ta | ||
| 008 | 230330s2023 xr a c 000 f cze | ||
| 015 | |a cnb003509929 | ||
| 020 | |a 9788027711383 |q (vázáno) | ||
| 035 | |a (OCoLC)1396730180 | ||
| 040 | |a ABG001 |b cze |d ABA001 |e rda | ||
| 041 | 1 | |a cze |h ger | |
| 072 | 7 | |a 821.112.2-3 |x Německá próza, německy psaná |2 Konspekt | |
| 072 | 7 | |a 821-93 |x Literatura pro děti a mládež (beletrie) |2 Konspekt | |
| 080 | |a 821.112.2-31 |2 MRF | ||
| 080 | |a 821-93 |2 MRF | ||
| 080 | |a (0:82-312.9) |2 MRF | ||
| 100 | 1 | |a Suchanek, Andreas, |d 1982- |7 xx0276859 |4 aut | |
| 240 | 1 | 0 | |a Verschollene Professor. |l Česky |
| 245 | 1 | 0 | |a Šeptající les. |p Pohřešovaný profesor / |c Andreas Suchanek ; přeložila Markéta Bartoš Tautmanová |
| 246 | 3 | 0 | |a Pohřešovaný profesor |
| 264 | 1 | |a Praha : |b Dobrovský s.r.o., |c 2023 | |
| 300 | |a 229 stran : |b ilustrace ; |c 21 cm | ||
| 336 | |a text |b txt |2 rdacontent | ||
| 337 | |a bez média |b n |2 rdamedia | ||
| 338 | |a svazek |b nc |2 rdacarrier | ||
| 490 | 1 | |a Drobek | |
| 500 | |a Přeloženo z německého originálu Der verschollene Professor | ||
| 500 | |a V knize chybně uvedeno příjmení překladatelky Tautmanová, správně má být: Tautrmanová | ||
| 520 | 2 | |a Příběh z fantasy série odehrávající se v magickém lese obývaném mnoha tajemnými bytostmi. |b Ella hledá svého dědečka, který bydlel ve stejném domě jako Lukáš s rodiči a který se v Šeptajícím lese ztratil. Jedinou stopou je podivná hádanka, kterou po sobě zanechal. Lukáš a jeho přátelé se uvolí, že jí pomohou. A tak se všichni po hlavě vrhnou do nového dobrodružství. Nakladatelská anotace. Kráceno. | |
| 655 | 7 | |a německé romány |7 fd132945 |2 czenas | |
| 655 | 7 | |a fantasy romány |7 fd184199 |2 czenas | |
| 655 | 7 | |a publikace pro děti |7 fd133156 |2 czenas | |
| 655 | 9 | |a German fiction |2 eczenas | |
| 655 | 9 | |a fantasy novels |2 eczenas | |
| 655 | 9 | |a children's literature |2 eczenas | |
| 700 | 1 | |a Bartoš Tautrmanová, Markéta, |d 1977- |7 xx0168661 |4 trl | |
| 765 | 1 | |t Flüsterwald | |
| 787 | 0 | 8 | |i Z cyklu: |t Šeptající les |g 2 |
| 830 | 0 | |a Drobek | |
| 900 | |a ABA001 |b 20 | ||
| 044 | |a xr | ||
| 910 | |a RBIT002 | ||
| 998 | |d 371571 |a https://core.palmknihy.cz/api/books/371571/cover?rsbmvd |b https://core.palmknihy.cz/api/books/371571/cover/400?rsbmvd |c https://core.palmknihy.cz/api/books/371571/cover/50?rsbmvd |e 2026-11-02 |g 240 |i 9788027711383 |j https://core.palmknihy.cz/api/books/371571/preview.epub |k https://core.palmknihy.cz/api/books/371571/preview.pdf |l |q 49 |r 1 |s https://www.palmknihy.cz/kniha/371571 |t ebook |y 2023 |z 0 |v Šeptající les |w 2 | ||
| 999 | |d 311879 | ||